Statistiques concernant Devinez le Pays Mystère #156

Cliquez ici pour prendre le quiz!

Statistiques générales

  • Ce quiz a été pris 306 fois
    (135 depuis la dernière actualisation)
  • Le résultat moyen est 11 sur 17

Statistiques - réponses

Type de RéponseRéponse% Correct
Lettre TrouvéeL
96%
Lettre TrouvéeA
94%
Lettre TrouvéeE
94%
Lettre TrouvéeI
94%
Lettre Bien PlacéeE
91%
Lettre TrouvéeN
83%
Lettre Bien PlacéeN
71%
Lettre Bien PlacéeA
66%
Lettre Bien PlacéeN
63%
Lettre TrouvéeD
60%
Lettre Bien PlacéeI
54%
Lettre TrouvéeN
52%
Lettre Bien PlacéeD
44%
Lettre Bien PlacéeF
44%
Lettre TrouvéeF
44%
Pays MystèreFinlande
44%
Lettre Bien PlacéeL
44%

Distribution des résultats

Percentile par nombre de réponses

% des personnes avec chaque résultat

Votre développement - résultats

Vous n’avez pas pris ce quiz depuis la dernière actualisation